000 00462nam a2200145 i 4500
001 bg
245 0 _aMatematyka dla wydziałów budowlanych i mechanicznych :
_bpraca zbiorowa.
_nT. 1 /
_cpod red. E. Otto.
250 _aWyd.2.
260 _aWarszawa,
_c1975.
040 _cBPK
041 _apol
942 _cKS
008 s pl f |000 0 pol
856 _uhttp://koha.tu.koszalin.pl/cgi-bin/koha/opac-detail.pl?biblionumber=2787
_yKatalog online BPK
999 _c2787
_d2787